Statistics for Top 10 Least-Guessed Countries

Click here to take the quiz!

General Stats

  • This quiz has been taken 10 times
    (7 since last reset)
  • The average score is 7 of 10

Answer Stats

% GuessedAnswer% Correct
18%São Tomé and Príncipe
100%
18%Nauru
86%
19%Kiribati
86%
19%Comoros
71%
19%Palau
71%
20%Tuvalu
71%
21%Marshall Islands
71%
22%Vanuatu
71%
20%Saint Vincent and the Grenadines
43%
21%Grenada
43%

Score Distribution

Percentile by Number Answered

Percent of People with Each Score

Your Score History

You have not taken this quiz since the last reset